000 00547nam a2200217Ia 4500
003 OSt
005 20220928144839.0
006 a|||||r|||| 00| 0
007 ta
008 220927b |||||||| |||| 00| 0 eng d
024 _a76372
037 _cTextual
040 _aSDCL
_cSDCL
_beng
041 _2eng
_aeng
082 _aV73'N6, L0.2
100 _aDeconde Alexander
_9509911
245 0 _aPatterns in American history.
260 _c1970
942 _hV73'N6, L0.2
_cTEXL
_2CC
999 _c829917
_d829917